MTV's Daria characters - Statistics

General Stats
  • This quiz has been taken 127 times
  • The average score is 14 of 40
Answer Stats
Hint Answer % Correct
The Main Character! Daria Morgendorffer
100%
Daria's Closest friend Jane Lane
86%
Daria's sister Quinn Morgendorffer
80%
Guitarrist of Mystic Spiral. Notoriously sleepy. (Brother of the previous person). Trent Lane
78%
Daria's father Jake Morgendorffer
61%
Quarterback of the school's football team. The nemesis of any educator. Kevin Thompson
59%
Daria's mother Helen Morgendorffer
58%
Captain of the school's cheerleading team. Has an unusual high-pitched voice. Brittany Taylor
57%
Daria's boyfriend during Season 5 Tom Sloane
55%
Sleazy male student, with a corresponding nickname. He also performs as a magician, DJ and sports announcer in school. Charles 'Upchuck' Ruttheimmer III
53%
Frenemy of Daria's sister. President of the Fashion Club. Haughy and not very pleasant. Sandi Griffin
53%
Female student with lots of extra-curriculum activities. High school valedictorian in Daria's graduation Jodie Landon
47%
The High School that Daria attends Lawndale High
47%
Friend of Daria's sister. Secretary of the Fashion Club. Often a complete nervous wreck Stacy Rowe
47%
Friend of Daria's sister. Color Coordinator of the Fashion Club. Speaks... very... slooowly... Tiffany Blum-Decker
47%
Captain of the school's football team. A sensible young man, he hates his nickname, though. Michael 'Mack' Mackenzie
43%
The school's Principal Angela Li
37%
Trio of male students, whose names share the same initial. They play in the school's football team and are obsessed with Daria's sister. Joey, Jeffy and Jamie
34%
The school's History teacher Anthony DeMartino
33%
The school's English teacher Timothy O'Neill
29%
Shool's goth female student Andrea
26%
Daria's Aunt, the youngest Amy Barksdale
25%
Daria's Mother's boss. A lawyer with a propensity of calling the Morgendorffers at all hours. Eric Schrecter
21%
The school's Science teacher Janet Barch
21%
The other sister of Daria's best friend. She has traveled through Central America Penny Lane
21%
Daria's Aunt, the oldest Rita Barksdale
21%
The oldest sister of Daria's best friend. She has several children Summer Lane
21%
The brother of Daria's best friend's. He is on his third marriage Wind Lane
21%
The mother of Daria's best friend Amanda Lane
14%
Daria's Cousin Erin Chambers
13%
Naïve and enthusiastic blond student. Knowleadgeble, he can create his own art. He is arguably Daria's first boyfriend. Ted Dewitt-Clinton
12%
The school's Arts and Crafts teacher Claire DeFoe
11%
Daria's paternal grandmother Ruth Morgendorffer
11%
The father of Daria's best friend Vincent Lane
11%
The school's Economics teacher Diane Bennet
9%
The school's psychologist Margaret Manson
8%
Daria's Cousin's fiancé, later husband Brian Danielson
7%
The school's track team coach Ms. Morris
7%
Daria's Mother's secretary at work Marianne
5%
Male student, who is also a palyer in the school's football team. Always speaks very respecfully to girls Robert
5%
No matching quizzes found
Score Distribution
Percent of People with Each Score
Percentile by Number Answered
Your Score History
You have not taken this quiz